Animal disguises / (Record no. 4245)

MARC details
000 -LEADER
fixed length control field 00836nam a22002657a 4500
001 - CONTROL NUMBER
control field 4245
003 - CONTROL NUMBER IDENTIFIER
control field FISKH
005 - DATE AND TIME OF LATEST TRANSACTION
control field 20240710101526.0
008 - FIXED-LENGTH DATA ELEMENTS--GENERAL INFORMATION
fixed length control field 240710b cb ||||| |||| 00| 0 eng d
020 ## - INTERNATIONAL STANDARD BOOK NUMBER
International Standard Book Number 9780545317634
040 ## - CATALOGING SOURCE
Original cataloging agency FISKH
Language of cataloging eng
Transcribing agency FISKH
Modifying agency FISKH
050 ## - LIBRARY OF CONGRESS CALL NUMBER
Classification number QL759.R93
082 ## - DEWEY DECIMAL CLASSIFICATION NUMBER
Classification number 591.47
100 ## - MAIN ENTRY--PERSONAL NAME
Personal name Ryan, Emma
245 ## - TITLE STATEMENT
Title Animal disguises /
Statement of responsibility, etc. by Emma Ryan
260 ## - PUBLICATION, DISTRIBUTION, ETC.
Place of publication, distribution, etc. New York :
Name of publisher, distributor, etc. Scholastic,
Date of publication, distribution, etc. 2011.
300 ## - PHYSICAL DESCRIPTION
Extent 32 pages :
Other physical details color illustrations ;
Dimensions 23 cm
505 ## - FORMATTED CONTENTS NOTE
Formatted contents note M<br/><br/>
520 ## - SUMMARY, ETC.
Summary, etc. Provides an introduction to animals on land, in the air, and under the sea that use camouflage to protect themselves from enemies, or hunt their prey.
521 8# - TARGET AUDIENCE NOTE
Target audience note 550<br/><br/>
Source Lexile Adjusted <br/>
521 8# - TARGET AUDIENCE NOTE
Target audience note M<br/><br/>
Source Raz-Plus <br/>
650 ## - SUBJECT ADDED ENTRY--TOPICAL TERM
Topical term or geographic name entry element Animals
Form subdivision Camouflage
942 ## - ADDED ENTRY ELEMENTS (KOHA)
Source of classification or shelving scheme Dewey Decimal Classification
Koha item type Books
Suppress in OPAC No
Holdings
Withdrawn status Lost status Source of classification or shelving scheme Damaged status Not for loan Collection Home library Current library Shelving location Date acquired Total Checkouts Full call number Barcode Date due Date last seen Date last checked out Price effective from Koha item type
    Dewey Decimal Classification     Non-Fiction Footprints International School Library Network Toul Kork Campus Footprints International School Library Network Toul Kork Campus TK Primary Library Room(4th Floor), Bookcase 3&4, Shelves 17-32, Yellow Books 07/10/2024 2 RYA 591.47 QL759.R93 FISBK02673 04/17/2026 04/03/2026 04/03/2026 07/10/2024 Books